00868nam a2200241 i 4500001001000000003000900010005001700019007000300036008004100039020001500080040003000095041000800125082002000133100003500153245014200188264003500330300004100365336002700406337003300433338002800466504003600494710009600530000002026DO-SdBNP20250918111258.0ta090630s2008 dr d r 000 0 spa d a9945852256 aDO-SdBNPbspacBNPHUerda aspa axxxxbD331m2221 aDel Rosario, Pedro Juaneautor10aMedición de la inseguridad alimentaria en hogares de la República Dominicana /cPedro Juan del Rosario, Luís Ortiz, Mezfin Bezuneh. aSanto Domingo :bIDIAF,c2008. a81 Páginas :bgráfica. ;c23 cm. ardacontentbtexto2txt ardamediabsin mediación2n ardacarrierbvolumen2nc aBibliografía : página 96-712 aInstituto Dominicano de Investigaciones Agropecuarias y Forestales (República Dominicana)